000 009760000a22002050004500
020 _a987-9403-85-1
082 0 4 _aG 260 O115d
100 1 _aOak, John H.
245 1 0 _aDiscipulado y crecimiento integral de la iglesia / John H. Oak ; traducido por David Powell
260 _aBuenos Aires : Kairós
300 _a320 p.
500 _aTítulo original: Healthy christians make a healthy church. The story of how discipleship training is building
505 0 0 _aLa iglesia de nuestros días y el laicado -- La filosofía ministerial: la teología de la iglesia -- La estrategia ministerial: el verdadero discipulado -- El método ministerial: la capacitación de discípulos -- El campo ministerial: el ejemplo de SaRang
650 1 4 _aDISCIPULADO \ IGLESIA - CRECIMIENTO ESPIRITUAL \ TEOLOGIA ECLESIAL \ IGLESIA - TEOLOGIA
001 844
942 _cBK
999 _c32273
_d32273
336 _atexto
_btxt
_2rdacontent
337 _2rdamedia
_asin mediación
_bn
338 _2rdacarrier
_avolumen
_bnc